América como autodescubrimiento (Registro nro. 6745)

Detalles MARC
000 -LEADER
fixed length control field 00752nam a2200253 4500
003 - CONTROL NUMBER IDENTIFIER
control field OSt
005 - DATE AND TIME OF LATEST TRANSACTION
control field 20200706145601.0
008 - FIXED-LENGTH DATA ELEMENTS--GENERAL INFORMATION
fixed length control field 200706s1986 ck ||||gr|||| 00| 0dspa d
040 ## - CATALOGING SOURCE
Original cataloging agency CO-JMCR
Transcribing agency CO-JMCR
041 0# - LANGUAGE CODE
Language code of text/sound track or separate title spa
082 04 - DEWEY DECIMAL CLASSIFICATION NUMBER
Edition number 23
Classification number 981.001 /
Item number Z198a
100 1# - MAIN ENTRY--PERSONAL NAME
Personal name Zea, Leopoldo
Relator term autor
9 (RLIN) 6739
245 1# - TITLE STATEMENT
Title América como autodescubrimiento
Statement of responsibility, etc. Leopoldo Zea
250 ## - EDITION STATEMENT
Edition statement Primera edición
260 ## - PUBLICATION, DISTRIBUTION, ETC.
Place of publication, distribution, etc. Bogotá :
Name of publisher, distributor, etc. Universidad Central,
Date of publication, distribution, etc. 1986
300 ## - PHYSICAL DESCRIPTION
Extent 199 páginas ;
Dimensions 21 cm.
490 ## - SERIES STATEMENT
Series statement Solar :
-- Pensamiento latinoamericano ;
Volume/sequential designation 5
500 ## - GENERAL NOTE
General note Datos biográficos del autor en tapa posterior.
650 14 - SUBJECT ADDED ENTRY--TOPICAL TERM
Source of heading or term Nacionalismo
650 24 - SUBJECT ADDED ENTRY--TOPICAL TERM
Source of heading or term Filosofía
650 24 - SUBJECT ADDED ENTRY--TOPICAL TERM
Source of heading or term America latina
650 24 - SUBJECT ADDED ENTRY--TOPICAL TERM
Source of heading or term Identidad (psicología)
942 ## - ADDED ENTRY ELEMENTS (KOHA)
Source of classification or shelving scheme Dewey Decimal Classification
Koha item type Books
Existencias
Withdrawn status Lost status Source of classification or shelving scheme Damaged status Not for loan Home library Current library Shelving location Date acquired Source of acquisition Total Checkouts Full call number Barcode Date last seen Date last checked out Copy number Price effective from Koha item type
    Dewey Decimal Classification     Biblioteca Pública José María del Castillo y Rada Biblioteca Pública José María del Castillo y Rada General Stacks 04/15/2018 Donación 1 981.001 / Z198a 201809927 09/23/2025 09/23/2025 Ej.1 07/06/2020 Books